Statistics for Државе Совјетског Савеза

Click here to take the quiz!

General Stats

  • This quiz has been taken 480 times
  • The average score is 12 of 15

Answer Stats

Држава% Correct
Русија
97%
Украјина
95%
Белорусија
93%
Естонија
88%
Литванија
87%
Летонија
86%
Казахстан
82%
Азербејџан
76%
Узбекистан
76%
Грузија
75%
Таџикистан
75%
Туркменистан
74%
Киргистан
73%
Јерменија
71%
Молдавија
69%

Score Distribution

Percentile by Number Answered

Percent of People with Each Score

Your Score History

You have not taken this quiz